The ganges delta (Record no. 6146)

MARC details
000 -LEADER
fixed length control field 00777 a2200205 4500
005 - DATE AND TIME OF LATEST TRANSACTION
control field 20080826115215.0
008 - FIXED-LENGTH DATA ELEMENTS--GENERAL INFORMATION
fixed length control field 080826t xxu||||| |||| 00| 0 eng d
010 ## - LIBRARY OF CONGRESS CONTROL NUMBER
LC control number ENG-87180
020 ## - INTERNATIONAL STANDARD BOOK NUMBER
Terms of availability 500.00
035 ## - SYSTEM CONTROL NUMBER
System control number EN-70713
037 ## - SOURCE OF ACQUISITION
Source of stock number/acquisition DBAD / PUB
082 ## - DEWEY DECIMAL CLASSIFICATION NUMBER
Classification number 915.410946
100 ## - MAIN ENTRY--PERSONAL NAME
Personal name Bagchi, Kanangopal
245 ## - TITLE STATEMENT
Title The ganges delta
Statement of responsibility, etc by Kanangopal Bagchi
260 ## - PUBLICATION, DISTRIBUTION, ETC. (IMPRINT)
Place of publication, distribution, etc Kolkata
Name of publisher, distributor, etc Anita Bagchi
Date of publication, distribution, etc 2005
270 ## - ADDRESS
Address 4R/1, Beleghata Sarobar Housing Society, 25C, R.M.D Garden Lane
Postal code 700 010
300 ## - PHYSICAL DESCRIPTION
Extent 157 p.
Other physical details diagram
Dimensions 21 cm ( Hb.)
942 ## - ADDED ENTRY ELEMENTS (KOHA)
Institution code [OBSOLETE] dpl
Koha item type English Books
Call number prefix 915.410946 /BAG
Source of classification or shelving scheme Dewey Decimal Classification
Classification part 915.410946
Call number suffix BAG
Holdings
Withdrawn status Lost status Damaged status Not for loan Home library Current library Date acquired Cost, normal purchase price Total Checkouts Full call number Barcode Date last seen Copy number Uniform Resource Identifier Cost, replacement price Price effective from Koha item type
        D.B.Act.Division D.B.Act.Division 26/08/2008 500.00   915.410946 BAG EN-70713 15/09/2008 1 6588 500.00 15/09/2008 English Books

© Delhi Public Library
Hit Counter
free hit counter